000
00385nam a2200145Ia 4500
008
100122s9999 xx 000 0 und d
082
_b
42100
_a
823.08
100
_a
माळवदे रमण
245
_a
बनाटी
260
_b
मनोरमा प्रकाशन
_c
1988
300
_a
143
630
_a
बनाटी
730
_a
बनाटी
942
_c
BOOK
999
_c
422541
_d
422538